|
|
|
|
| LEADER |
00928nam a2200241 a 4500 |
| 001 |
1507848 |
| 008 |
090720r20021996 ii a b 001 0 eng d |
| 020 |
|
|
|a 817649013X
|
| 040 |
|
|
|a Whitaker
|d NBS
|
| 082 |
0 |
0 |
|a 371.1/02
|2 21
|
| 100 |
1 |
|
|a Spinks, Tony.
|
| 245 |
1 |
0 |
|a Facilitating learning :
|b a sourcebook of activities /
|c Tony Spinks & Phil Clements.
|
| 260 |
|
|
|a London, :
|b Kogan Page, ;
|a New Delhi :
|b Viva Books
|c 2002. [Reprinted]
|
| 300 |
|
|
|a 238 p. :
|b ill. ;
|c 32 cm.
|
| 490 |
1 |
|
|a Kogan Page training activities series
|
| 500 |
|
|
|a In ring-binder.
|
| 504 |
|
|
|a Includes index
|
| 541 |
1 |
|
|e 00018440
|
| 650 |
|
0 |
|a Teaching
|v Handbooks, manuals, etc.
|
| 700 |
1 |
|
|a Clements, Phil.
|
| 852 |
4 |
|
|a School of Public Health.
|
| 999 |
|
|
|c 2539
|d 2539
|
| 952 |
|
|
|0 0
|1 0
|2 ddc
|4 0
|6 371_102000000000000_SPI
|7 0
|9 2316
|a JPGSPH
|b JPGSPH
|c GEN
|d 2009-04-28
|e Paragon Enterprise Ltd. Dhaka
|l 0
|o 371.102 SPI
|p 3060018440
|r 2009-07-21
|t 1
|w 2009-07-21
|y BK
|